000 01212nam a2200301Ia 4500
001 ebr10288404
003 CaPaEBR
006 m u
007 cr cn|||||||||
008 081106s2009 enkag sb 001 0 eng d
010 _z 2008048452
020 _z9780199562800
020 _z0199562806
040 _aCaPaEBR
_cCaPaEBR
035 _a(OCoLC)326883695
050 1 4 _aML3849
_b.K57 2009eb
100 1 _aKivy, Peter.
245 1 0 _aAntithetical arts
_h[electronic resource] :
_bon the ancient quarrel between literature and music /
_cPeter Kivy.
260 _aOxford :
_bClarendon Press ;
_aOxford ;
_aNew York :
_bOxford University Press,
_c2009.
300 _aix, 275 p. :
_bill., music.
504 _aIncludes bibliographical references (p. [263]-267) and index.
533 _aElectronic reproduction.
_bPalo Alto, Calif. :
_cebrary,
_d2009.
_nAvailable via World Wide Web.
_nAccess may be limited to ebrary affiliated libraries.
650 0 _aMusic and literature.
650 0 _aAbsolute music.
655 7 _aElectronic books.
_2local
710 2 _aebrary, Inc.
856 4 0 _uhttp://site.ebrary.com/lib/rucke/Doc?id=10288404
_zAn electronic book accessible through the World Wide Web; click to view
999 _c427
_d427